水滸傳
| 資料類型: | 圖書 | 書目號: | 53861 |
Leader xxxxxxxxxx 001 __ PCLIS00053861 005 __ 20210624142146.0 010 0_ |a978-986-97240-5-0|b平裝|dNT$395 100 __ |a20200415d2019 y0chiy09 e 101 0_ |achi 102 __ |atw 105 __ |aa z 000ay 200 1_ |a水滸傳|f施耐庵原著|g吳淡如改寫 205 __ |a初版 210 __ |a臺南市|c聚光文創|d2019[民108] 215 0_ |a218面|c圖|d21公分 225 1_ |a中國古典文學|v3 300 __ |a題名取自吳淡如 312 __ |a英文題名: Outlaws of the Marsh 517 1_ |aOutlaws of the Marsh|zeng 605 __ |2csh|a水滸傳 681 __ |a857.46|b8434 700 _1 |a施|b耐庵|4原著 702 _1 |a吳|b淡如|4改寫 801 _0 |atw|b內湖高中|c20200415|gCCR |